000 01360nam a22003617a 4500
003 CHAP
005 20220617062538.0
008 971013s1972 cu r 00010 spa d
010 _a15990
011 _a16962
035 _a21044
040 _cCHAP
082 0 4 _a664.1
_bB5
110 2 _aBiblioteca Nacional José Martí. La Habana
_912448
245 1 _aBibliografía sobre industria azucarera-tecnología
260 _aLa Habana :
_bLa Biblioteca,
_c1972
300 _a76 h.
490 _aBiblioteca Nacional José Martí. La Habana. Folletos de divulgación técnica y científica
_v; 37
590 _aBATCH-UPD
_b10
_c20130109
_lUCH01
_h2318
590 _aBATCH-UPD
_b10
_c20130110
_lUCH01
_h1917
590 _aBATCH-UPD
_b10
_c20130409
_lUCH01
_h1839
590 _aBATCH-UPD
_b10
_c20130410
_lUCH01
_h1243
590 _aBATCH-UPD
_b10
_c20130914
_lUCH01
_h0509
590 _aCONVERSION
_b10
_c20130109
_lUCH01
_h1310
650 1 4 _aAzúcar
_xBibliografía.
_99144
650 1 4 _aCaña de azúcar
_xBibliografía.
_918582
650 1 3 _aIndustria azucarera
_957780
830 0 _aBiblioteca Nacional José Martí. La Habana. Folletos de divulgación técnica y científica
_v; 37
_912451
901 _aBK
942 _cLIBRO
949 _a664.1 B5
_bBC
_cC
_d33724000668695
_eC
_h17337
_i21044
_mD
_si
949 _a664.1 B5
_bBC
_cC
_d33724000668703
_eC
_fc.2
_h17338
_i21044
_si
999 _c15990
_d15990